ბათუმის შოთა რუსთაველის სახელმწიფო უნივერსიტეტის ბიბლიოთეკა

აკადემიური წერა : (ბიბ.ჩანაწერი № 42804)

000 -ლიდერი
ფიქსირებული სიგრძის საკონტროლო ველი 01689nam a2200313Ia 4500
001 - საკონტროლო ნომერი
საკონტროლო ველი 9510
003 - საკონტროლო ნომრის იდენტიფიკატორი
საკონტროლო ველი GE_BSU
005 - ბოლო ოპერაციის თარიღი და დრო
საკონტროლო ველი 20191016123132.0
008 - ფიქსირებული სიგრძის მონაცემთა ელემენტები - ზოგადი ინფორმაცია
ფიქსირებული სიგრძის საკონტროლო ველი 181216s2012||||ge |||||||||||||| ||geo||
020 ## - წიგნის საერთაშორისო სტანდარტული ნომერი
International Standard Book Number 9789941927591
040 ## - კატალოგიზაციის წყარო
Transcribing agency GE_BSU
041 ## - ენის კოდი
Language code of text/sound track or separate title geo
080 ## - უნივერსალური ათობითი კლასიფიკაციის ინდექსი
Universal Decimal Classification number 003.074+37.016:003-028.31 ა–40
245 ## - ცნობა სათაურის შესახებ
Title აკადემიური წერა :
Remainder of title სახელმძღვ. /
Statement of responsibility, etc მაია კიკვაძე, ნანა ცეცხლაძე, ნათელა ფარტენაძე და სხვ.; რედ. მ. ფაღავა.
250 ## - გამოცემის ცნობა
Edition statement მეორე გამოცემა
264 ## - წარმოების, გამოცემის, დისტრიბუციის და სხვა ცნობები
გამოცემის, წარმოების, დისტრიბუციის... ადგილი თბილისი :
გამოცემის, წარმოების, დისტრიბუციის... სახელწოდება ივერიონი,
გამოცემის, წარმოების, დისტრიბუციის... თარიღი 2012.
300 ## - ფიზიკური აღწერა
Extent 160 გვ.;
Other physical details 29 სმ.
501 ## - შენიშვნა თანმხლებ მასალაზე
With note დანართები: გვ.147-157.
504 ## - BIBLIOGRAPHY, ETC. NOTE
Bibliography, etc ბიბლ. გვ. :158.
653 ## - INDEX TERM--UNCONTROLLED
Uncontrolled term აკადემიური წერა
700 ## - ADDED ENTRY--PERSONAL NAME
Personal name ფაღავა, მ.
Relator term რედაქტორი
9 (RLIN) 1854
700 ## - ADDED ENTRY--PERSONAL NAME
Personal name კიკვაძე, მაია
Relator term ავტორი
9 (RLIN) 2148
700 ## - ADDED ENTRY--PERSONAL NAME
Personal name ცეცხლაძე, ნანა
Relator term ავტორი
9 (RLIN) 4739
700 ## - ADDED ENTRY--PERSONAL NAME
Personal name ფარტენაძე, ნათელა
Relator term ავტორი
9 (RLIN) 4740
700 ## - ADDED ENTRY--PERSONAL NAME
Personal name ახვლედიანი, დიანა
Relator term ავტორი
9 (RLIN) 4741
700 ## - ADDED ENTRY--PERSONAL NAME
Personal name ხახუტაიშვილი, მზია
Relator term ავტორი
9 (RLIN) 4742
710 ## - ADDED ENTRY--CORPORATE NAME
Corporate name or jurisdiction name as entry element ბათუმის შოთა რუსთაველის სახელმწიფო უნივერსიტეტი
Subordinate unit ქართული ფილოლოგიის დეპარტამენტი
9 (RLIN) 4743
942 ## - ADDED ENTRY ELEMENTS (KOHA)
Koha item type წიგნი
Source of classification or shelving scheme
ეგზემპლარები
ჩამოწერის სტატუსი დაკარგული ეგზემპლარის სტატუსი კლასიფიკაციის წყარო ან თაროზე გაწყობის სქემა დაზიანების სტატუსი არ გაიცემა მუდმივი მდებარეობა (დაცვის ადგილი) ამჟამინდელი ადგილსამყოფელი თაროზე განთავსების ადგილი შეძენის თარიღი სრული შენახვის შიფრი შტრიხკოდი ბოლო ოპერაციის თარიღი ეგზემპლარის მიმდევრობითი ნომერი (კეტერი?) ფასის ძალაში შესვლის თარიღი ეგზემპლარის სახეობა
          ბათუმის შოთა რუსთაველის სახელმწიფო უნივერსიტეტის მთავარი ბიბლიოთეკა ბათუმის შოთა რუსთაველის სახელმწიფო უნივერსიტეტის მთავარი ბიბლიოთეკა წიგნსაცავი 2018-12-17 003.074+37.016:003-028.31 ა–40 6048 2018-12-17 6048 2018-12-17 წიგნი
          ბათუმის შოთა რუსთაველის სახელმწიფო უნივერსიტეტის მთავარი ბიბლიოთეკა ბათუმის შოთა რუსთაველის სახელმწიფო უნივერსიტეტის მთავარი ბიბლიოთეკა წიგნსაცავი 2018-12-17 003.074+37.016:003-028.31 ა–40 6050 2018-12-17 6050 2018-12-17 წიგნი
          ბათუმის შოთა რუსთაველის სახელმწიფო უნივერსიტეტის მთავარი ბიბლიოთეკა ბათუმის შოთა რუსთაველის სახელმწიფო უნივერსიტეტის მთავარი ბიბლიოთეკა წიგნსაცავი 2018-12-17 003.074+37.016:003-028.31 ა–40 6051 2018-12-17 6051 2018-12-17 წიგნი
          ბათუმის შოთა რუსთაველის სახელმწიფო უნივერსიტეტის მთავარი ბიბლიოთეკა ბათუმის შოთა რუსთაველის სახელმწიფო უნივერსიტეტის მთავარი ბიბლიოთეკა წიგნსაცავი 2018-12-17 003.074+37.016:003-028.31 ა–40 6052 2018-12-17 6052 2018-12-17 წიგნი
          ბათუმის შოთა რუსთაველის სახელმწიფო უნივერსიტეტის მთავარი ბიბლიოთეკა ბათუმის შოთა რუსთაველის სახელმწიფო უნივერსიტეტის მთავარი ბიბლიოთეკა წიგნსაცავი 2018-12-17 003.074+37.016:003-028.31 ა–40 6053 2018-12-17 6053 2018-12-17 წიგნი
          ბათუმის შოთა რუსთაველის სახელმწიფო უნივერსიტეტის მთავარი ბიბლიოთეკა ბათუმის შოთა რუსთაველის სახელმწიფო უნივერსიტეტის მთავარი ბიბლიოთეკა წიგნსაცავი 2018-12-17 003.074+37.016:003-028.31 ა–40 6054 2018-12-17 6054 2018-12-17 წიგნი
          ბათუმის შოთა რუსთაველის სახელმწიფო უნივერსიტეტის მთავარი ბიბლიოთეკა ბათუმის შოთა რუსთაველის სახელმწიფო უნივერსიტეტის მთავარი ბიბლიოთეკა წიგნსაცავი 2018-12-17 003.074+37.016:003-028.31 ა–40 6049 2018-12-17 6049 2018-12-17 წიგნი
          ბათუმის შოთა რუსთაველის სახელმწიფო უნივერსიტეტის მთავარი ბიბლიოთეკა ბათუმის შოთა რუსთაველის სახელმწიფო უნივერსიტეტის მთავარი ბიბლიოთეკა წიგნსაცავი 2018-12-17 003.074+37.016:003-028.31 ა–40 6055 2018-12-17 6055 2018-12-17 წიგნი
          ბათუმის შოთა რუსთაველის სახელმწიფო უნივერსიტეტის მთავარი ბიბლიოთეკა ბათუმის შოთა რუსთაველის სახელმწიფო უნივერსიტეტის მთავარი ბიბლიოთეკა წიგნსაცავი 2018-12-17 003.074+37.016:003-028.31 ა–40 6056 2018-12-17 6056 2018-12-17 წიგნი
          ბათუმის შოთა რუსთაველის სახელმწიფო უნივერსიტეტის მთავარი ბიბლიოთეკა ბათუმის შოთა რუსთაველის სახელმწიფო უნივერსიტეტის მთავარი ბიბლიოთეკა წიგნსაცავი 2018-12-17 003.074+37.016:003-028.31 ა–40 6057 2018-12-17 6057 2018-12-17 წიგნი